Culture Générale - Série 209 - Statistiques

Statistiques générales
  • Ce quiz a été pris 332 fois
  • Le résultat moyen est 6 sur 10
Statistiques - réponses
Question Réponse % Correct
Avec quel pays l'Argentine se partage-t-elle la Patagonie ? Le Chili
93%
Dans quel fleuve le Gard se jette-t-il ? Le Rhône
84%
Quel sport Jean Alesi a-t-il pratiqué en professionnel de 1989 à 2001 ? La formule 1
79%
Comment s'appelle le meilleur ami de Scoubidou ? Samy
60%
Quel surnom porte l'avion dans lequel se trouve le président des Etats.-Unis.? Air Force One
59%
Quel musicien se fait connaître en 1976 avec l'album "Oxygène" ? Jean Michel Jarre
59%
Qui Gérard Lenorman nommerait-il 1er ministre s'il était président ? Mickey
45%
En 1669, à quel auteur doit-on "Britannicus" ? Racine
45%
Aux yeux de quelle actrice Kim Carnes rend-elle hommage en 1981 ? Bette Davis
20%
Qui chante "Il faut savoir quitter la table lorsque l'amour est desservi" ? Charles Aznavour
12%
Aucun quiz correspondant
Distribution des résultats
% des personnes avec chaque résultat
Percentile par nombre de réponses
Votre historique - résultats
Vous n’avez pas pris ce quiz